000 00426nam a2200109Ia 4500
008 160909s9999 xx 000 0 und d
100 _aGalati, Stephen R.
245 _aEntering the global engineering market: A correlational study of cultural intelligence and market orientation
260 _bUniversity of Phoenix.
_c2016
650 _aMARKETING MANAGEMENT
856 _uhttp://pqdtopen.proquest.com/doc/1765700916.html?FMT=ABS
999 _c304775
_d304775